| 000 | 00673nam a2200205 a 4500 | ||
|---|---|---|---|
| 001 | 000010443 | ||
| 005 | 20240422104515.0 | ||
| 008 | 091007s1980 dr r 001 p spa d | ||
| 040 |
_aDO-SdBNP _bspa _cBNPHU |
||
| 082 |
_aRD861.44 _bM827t |
||
| 100 | 1 |
_aMora Ramis, Taiana _925447 |
|
| 245 | 1 | 0 |
_aTiempos del olvido / _cTaiana Mora Ramis ; prólogo Alberto Baeza Flores. |
| 260 |
_aSanto Domingo : _bTaller, _c1980. |
||
| 300 |
_a60 p. ; _c21 cm. |
||
| 590 | _aInventariado, 2018/BT | ||
| 650 | 0 |
_aPoesía dominicana _966 |
|
| 650 | 0 |
_aLiteratura dominicana. _967 |
|
| 700 | 1 |
_aBaeza Flores, Alberto, _d1914-1998 _epról. _97565 |
|
| 910 | _aValidado. Control de calidad. EMS | ||
| 999 |
_c10202 _d10202 |
||